| 000 | 00961cam a2200289 4500 | ||
|---|---|---|---|
| 001 | 31758 | ||
| 003 | BD-RjUL | ||
| 005 | 20211209051738.0 | ||
| 008 | 140422s1966 enk 001 0 eng | ||
| 035 | _a(BD-RjUL)31846 | ||
| 040 |
_aDLC _cDLC _dDLC _dBD-RjUL _beng |
||
| 041 | 1 | _aengita | |
| 082 | 0 | 0 |
_a195 _bCRP 1966 |
| 100 | 1 |
_aCroce, Benedetto, _d1866-1952. _911219 |
|
| 245 | 1 | 0 |
_aPhilosophy, poetry, history : _ban anthology of essays / _ctranslated [from the Italian] and introduced by Cecil Sprigge. |
| 260 |
_aLondon ; _aNew York : _bOxford U.P., _cc1966. |
||
| 300 |
_alxxiii, 1133 p. ; _c23 cm. |
||
| 500 | _aThis collection originally published as Filosofia, poesia, storia. Milan, Riccardi, 1951. | ||
| 504 | _aIncludes index. | ||
| 650 | 0 |
_aPhilosophy. _996654 |
|
| 650 | 0 |
_aHistory _xPhilosophy. _996655 |
|
| 700 | 1 |
_aSprigge, Cecil. [tr.] _996656 |
|
| 942 |
_2ddc _cBK |
||
| 999 |
_c31758 _d31758 |
||